Statistics for Tennis- Mens Singles World Nr.1

Click here to take the quiz!

General Stats

  • This quiz has been taken 141 times
  • The average score is 14 of 27

Answer Stats

PlacementWeeks as Nr.1Players’s name% Correct
1.373Djokovic
98%
2.310Federer
98%
6.209Nadal
98%
18.12Becker
93%
3.286Sampras
81%
9.101Agassi
80%
8.109Borg
76%
7.170McEnroe
70%
14.41Murray
70%
4.270Lendl
63%
11.72Edberg
55%
5.268Connors
53%
10.80Hewitt
43%
17.13Roddick
42%
16.20Wilander
42%
12.58Courier
37%
22.6Muster
37%
13.43Kuerten
36%
19.9Safin
36%
22.6Medwedew
35%
15.40Nastase
34%
26.2Moya
33%
27.1Rafter
33%
20.8Ferrero
27%
22.6Rios
19%
22.6Kafelnikow
18%
20.8Newcombe
18%

Score Distribution

Percentile by Number Answered

Percent of People with Each Score

Your Score History

You have not taken this quiz